| 000 | 00497nam a2200193Ia 4500 | ||
|---|---|---|---|
| 003 | OSt | ||
| 005 | 20240212122515.0 | ||
| 008 | 210210b1950 xxu||||| |||| 00| 0 eng d | ||
| 040 | _cAL | ||
| 041 | _aeng | ||
| 082 | _a960/31 | ||
| 100 |
_aROTARY GUIDE to careers _9150628 |
||
| 245 | _aRotary guide to careers:11 Bombay government services | ||
| 260 |
_aBombay _bOxford University Press _c1950 |
||
| 300 | _a16 | ||
| 690 |
_aGeneral Knowledge _9150636 |
||
| 906 | _a002318 | ||
| 942 |
_2ddc _cBK |
||
| 999 |
_c121646 _d121646 |
||